Marques de luxe les plus influentes en 2025 - Statistiques

Statistiques générales
  • Ce quiz a été pris 751 fois
  • Le résultat moyen est 6 sur 10
Statistiques - réponses
Classement Marque % Correct
1 Louis Vuitton
88%
7 Dior
86%
2 Chanel
83%
4 Gucci
78%
3 Hermès
70%
10 Yves Saint Laurent
57%
5 Prada
48%
9 Balenciaga
39%
6 Rolex
37%
8 Fendi
25%
Aucun quiz correspondant
Distribution des résultats
% des personnes avec chaque résultat
Percentile par nombre de réponses
Votre historique - résultats
Vous n’avez pas pris ce quiz